Catálogo

Art = (Registro nro. 28230)

Detalles MARC
000 -LEADER
fixed length control field 01710nam a2200397 i 4500
001 - CONTROL NUMBER
control field 28230
003 - CONTROL NUMBER IDENTIFIER
control field Mx-PuUPA
005 - DATE AND TIME OF LATEST TRANSACTION
control field 20260506162345.0
008 - FIXED-LENGTH DATA ELEMENTS--GENERAL INFORMATION
fixed length control field 140415s2020 mx a fr 001 0 eng d
020 ## - INTERNATIONAL STANDARD BOOK NUMBER
International Standard Book Number 9780714879420
040 ## - CATALOGING SOURCE
Transcribing agency Mx-PuUPA
Original cataloging agency Mx-PuUPA
Language of cataloging spa
Modifying agency Mx-PuUPA
Description conventions rda
041 0# - LANGUAGE CODE
Language code of text/sound track or separate title eng
043 ## - GEOGRAPHIC AREA CODE
Geographic area code n-us-ny
110 2# - MAIN ENTRY--CORPORATE NAME
Corporate name or jurisdiction name as entry element Metropolitan Museum of Art (New York, N.Y.),
9 (RLIN) 18061
Relator term editor
245 10 - TITLE STATEMENT
Title Art =
Remainder of title discovering infinite connections in art history /
Statement of responsibility, etc. The Metropolitan Museum of Art, [editor] : edited by Gwen Roginsky, Rachel High Rebecca Morrill and Diane Fortenberry
264 #1 - PRODUCTION, PUBLICATION, DISTRIBUTION, MANUFACTURE, AND COPYRIGHT NOTICE
Place of production, publication, distribution, manufacture New York, NY :
Name of producer, publisher, distributor, manufacturer Phaidon Press,
Date of production, publication, distribution, manufacture, or copyright notice ©2020
300 ## - PHYSICAL DESCRIPTION
Extent 447 páginas, una lámina plegada en tres sin numerar :
Other physical details ilustraciones (a color) ;
Dimensions 33 cm
336 ## - CONTENT TYPE
Fuente rdacontent
Content type term texto
Content type code txt
336 ## - CONTENT TYPE
Fuente rdacontent
Content type term imagen fija
Content type code sti
337 ## - MEDIA TYPE
Source rdamedia
Media type term sin medio
Media type code n
338 ## - CARRIER TYPE
Source rdacarrier
Carrier type term volumen
Carrier type code nc
650 #7 - SUBJECT ADDED ENTRY--TOPICAL TERM
Source of heading or term armarc
Topical term or geographic name entry element Museo Metropolitano de Arte (Nueva York, N.Y.)
Form subdivision Catálogos
650 #7 - SUBJECT ADDED ENTRY--TOPICAL TERM
Source of heading or term armarc
Topical term or geographic name entry element Arte comparado
General subdivision Obras pictóricas
650 #7 - SUBJECT ADDED ENTRY--TOPICAL TERM
Source of heading or term armarc
Topical term or geographic name entry element Arte
Geographic subdivision Estado de Nueva York
-- Nueva York
Form subdivision Catálogos
650 #7 - SUBJECT ADDED ENTRY--TOPICAL TERM
Source of heading or term armarc
Topical term or geographic name entry element Arte
General subdivision Historia
650 #7 - SUBJECT ADDED ENTRY--TOPICAL TERM
Source of heading or term armarc
Topical term or geographic name entry element Cultura visual
700 1# - ADDED ENTRY--PERSONAL NAME
Personal name Roginsky, Gwen,
Relator term editor
700 1# - ADDED ENTRY--PERSONAL NAME
Personal name High, Rachel,
Relator term editor
700 1# - ADDED ENTRY--PERSONAL NAME
Personal name Morrill, Rebecca,
Relator term editor
700 1# - ADDED ENTRY--PERSONAL NAME
Personal name Fortenberry, Diane,
Relator term editor
942 ## - ADDED ENTRY ELEMENTS (KOHA)
Source of classification or shelving scheme Dewey Decimal Classification
Koha item type Libro
Classification part 708.1471
Item part A78
Existencias
Withdrawn status Lost status Source of classification or shelving scheme Damaged status Not for loan Collection code Home library Current library Shelving location Date acquired Source of acquisition Cost, normal purchase price Total Checkouts Full call number Barcode Date last seen Cost, replacement price Price effective from Koha item type Copy number
    Dewey Decimal Classification   En catalogación Referencia Biblioteca Karol Wojtyla Biblioteca Karol Wojtyla Área de silencio 27/04/2026 2 1949.28   708.1471 A78 2020 106590 08/05/2026 1949.28 27/04/2026 Folio  
    Dewey Decimal Classification   En catalogación Referencia Biblioteca Karol Wojtyla Biblioteca Karol Wojtyla Área de silencio 27/04/2026 2 1949.28   708.1471 A78 2020 106591 08/05/2026 1949.28 27/04/2026 Folio Ej.2